000 00770nam a22001937a 4500
003 AM-YeHGA
005 20250617155218.0
008 190327s1902 ||||| |||| 00rus d
040 _aAM-YeHGA
041 0 _arus
_heng
100 1 _aБолдуин, Джеймс Марк
_d(1861-1934).
245 1 0 _aВведение в психологию :
_b (Общ. обзор науки о душе) : Пер. с англ./
_cДжемс Марк Бальдвин; Под ред. Н.Н. Спиридонова.
260 _aМосква : [4],
_bТипо-лит. т-ва И.Н. Кушнерев и К°,
_c1902 -
300 _a175 с.
653 0 _aПсихология
700 1 _aСпиридонов, Н.Н.
_eред.
_4edt
942 _2udc
_cBK
090 _c431084
999 _c428566
_d428566